AJR Songs - Statistics

General Stats
  • This quiz has been taken 137 times
  • The average score is 5 of 6
Answers on the Grid
Answers color-coded by a green-red scale on the quiz's grid according to % correct below.
Tape Deck Confessions
Sober Up
Radio Ghosts
Lost My Lighter
I'm Not Famous
Plastic Promises
Infinity
2085
Fourth Floor Balcony
I Won't
Golden Hour Glass
I'm Ready
 
Answer Stats
Answer % Correct
Sober Up
93%
I'm Ready
88%
I'm Not Famous
87%
2085
85%
I Won't
76%
Infinity
63%
No matching quizzes found
Score Distribution
Percent of People with Each Score
Percentile by Number Answered
Your Score History
You have not taken this quiz